Evolutionary tendencies in real estate (Record no. 78782)

MARC details
000 -LEADER
fixed length control field 01009cab a22001815a 4500
001 - CONTROL NUMBER
control field L138088
008 - FIXED-LENGTH DATA ELEMENTS--GENERAL INFORMATION
fixed length control field 070516e20070512xxk f gs 000 0 eng d
035 ## - SYSTEM CONTROL NUMBER
System control number (Sirsi) u138088
041 0# - LANGUAGE CODE
Language code of text/sound track or separate title eng
100 1# - MAIN ENTRY--PERSONAL NAME
Personal name Parnell, Philip
245 00 - TITLE STATEMENT
Title Evolutionary tendencies in real estate
490 #0 - SERIES STATEMENT
Series statement Estates Gazette
Volume/sequential designation (719) 12 May 2007, 156-158(3)
520 ## - SUMMARY, ETC.
Summary, etc. Considers the expected increase in the construction of environmentally sustainable buildings. Suggests that the point at which sustainability will become a major issue in transactions has not yet been reached. Suggests that the construction market requires financial incentives to reach this point. Refers to a survey by Drivers Jonas and Kingston University (L138087) which found similar attitudes to those up to ten years previously. Suggests that companies geared to sustainable construction may soon gain a competitive advantage.
590 ## - LOCAL NOTE (RLIN)
Local note KA
651 #4 - SUBJECT ADDED ENTRY--GEOGRAPHIC NAME
Geographic name United Kingdom
Chronological subdivision
690 ## - LOCAL SUBJECT ADDED ENTRY--TOPICAL TERM (OCLC, RLIN)
Topical term or geographic name as entry element BUILT ENVIRONMENT-SUSTAINABLE CONSTRUCTION
942 ## - ADDED ENTRY ELEMENTS (KOHA)
Suppress in OPAC 0
Holdings
Withdrawn status Lost status Source of classification or shelving scheme Damaged status Not for loan Home library Current library Shelving location Date acquired Total Checkouts Full call number Barcode Date last seen Copy number Price effective from Koha item type
    Dewey Decimal Classification     London London Journal article 16/05/2007   L138088 138088-1001 06/08/2019 1 06/08/2019 Book